| 000 | 00848nam a22002537a 4500 | ||
|---|---|---|---|
| 005 | 20170124110218.0 | ||
| 010 | _aA-823079 | ||
| 020 |
_c00.00 _a8121003555 |
||
| 035 | _aA-823079 | ||
| 037 | _bCen Lib/Ret | ||
| 040 |
_aDPL _bEN |
||
| 082 |
_a305.56 _bKHA |
||
| 100 |
_aKhan, M. Z. _939459 |
||
| 245 |
_aScheduled castes : _cby M. Z. Khan [and] Furqan Qamar _btheir socio-economic background and development aspirations / |
||
| 246 | _b | ||
| 260 |
_bInter-India Publications _aNew Delhi _c1996 |
||
| 270 |
_bNew Delhi _e110015 _aD-17, Raja Garden |
||
| 300 |
_a308p. _c22cm(Hb) |
||
| 500 | _aIncludes index | ||
| 650 |
_aIndia -- Scheduled tribes -- Social conditions _912518 |
||
| 650 |
_aIndia -- Scheduled tribes -- Economic conditions _939460 |
||
| 700 |
_aQamar, Furqan _939430 |
||
| 942 |
_2ddc _cEN _h305.56 _mKHA |
||
| 999 |
_c133977 _d133977 |
||